Normal view
MARC view
- DE-ELECT-33
Entry Topical Term
001 - CONTROL NUMBER
- control field: 71135
003 - CONTROL NUMBER IDENTIFIER
- control field: NUST
005 - DATE AND TIME OF LATEST TRANSACTION
- control field: 20210628204611.0
008 - FIXED-LENGTH DATA ELEMENTS
- fixed length control field: 210628|| aca||aabn | a|a d
040 ## - CATALOGING SOURCE
- Original cataloging agency: NUST
- Transcribing agency: NUST
150 ## - HEADING--TOPICAL TERM
- Topical term or geographic name entry element: DE-ELECT-33
670 ## - SOURCE DATA FOUND
- Source citation: Work cat.: (NUST): Subayyal Sheikh Asfandyar Imtiaz Adnan Arshad Mirza 71134, PR-SOF-1421-INVERTER CONTROL OF SINGLE PHASE AC INDUCTION MOTOR, 2015
